• 首页
  • 本馆介绍
  • 公告通知
  • 最新文献
  • 馆藏检索
  • 电子资源
  • 读者导购
  • 参考咨询
  • 我的图书馆
  • 登录
  • 详细信息显示
  • 放入我的书架
  • 预约/预借图书
  • 作者相关作品
  • 分类相关作品
  • 丛书相关作品
  • 出版社相关作品

书目信息

  • 表格格式
  • 工作单格式
  • 卡片格式
题名:
郭沫若与二十世纪中国文化
    
 
作者: ;中国郭沫若研究会 编
分册:  
出版信息: 福州   福建人民出版社  2002
页数: 342页
开本: 20cm
丛书名:
单 册:
中图分类: I206.7-53
科图分类:
主题词: 当代文学--文学评论--中国--文集 , 当代文学--文学研究--中国--文集
电子资源:
ISBN: 7-211-04196-X
000 00906nam0 2200229 450
001 0900000023473
005 20051017095858.09
010    @a7-211-04196-X@dCNY18.20
100    @a20050222e20042002ekmy0chiy0120 ea
101 0  @achi
102    @aCN@b350000
105    @ay z 000yy
200 1  @a郭沫若与二十世纪中国文化@9guo mo ruo yu er shi shi ji zhong guo wen hua@f中国郭沫若研究会编@Fzhong guo guo mo ruo yan jiu hui bian
210    @a福州@c福建人民出版社@d2002@h2004重印
215    @a342页@d20cm
330    @a本书收入“略说郭沫若与20世纪中国文化”、“与时俱进的20世纪中国文化巨人”、“从对三大思潮的态度看20世纪的郭沫若与中国思想文化”等研究文章23篇。
606 0  @a当代文学@x文学评论@x中国@x文集
606 0  @a当代文学@x文学研究@x中国@x文集
690    @aI206.7-53@v4
711  0 @a中国郭沫若研究会@Azhong guo guo mo ruo yan jiu hui@4编
801  0 @aCN@bTSSF@c20051017
905    @a10447@dI206.7-53@e174
    
    郭沫若与二十世纪中国文化/中国郭沫若研究会编.-福州:福建人民出版社,2002(2004重印)
    342页;20cm
    
    
    ISBN 7-211-04196-X:CNY18.20
    本书收入“略说郭沫若与20世纪中国文化”、“与时俱进的20世纪中国文化巨人”、“从对三大思潮的态度看20世纪的郭沫若与中国思想文化”等研究文章23篇。
●
相关链接 在E读中查询图书 在五车中查询图书 在当当中查询图书 在豆瓣中查询图书


正题名:郭沫若与二十世纪中国文化     索取号:I206.7-53/174         预约/预借

序号 登录号 条形码 馆藏地/架位号 状态 备注
1 0366653   3666535   第一样本阅览室/ [索取号:I206.7-53/174] 在馆    
2 0366654   3666544   第二借阅区/ [索取号:I206.7-53/174] 在馆    
3 0366655   3666553   第二借阅区/ [索取号:I206.7-53/174] 在馆    
4 0366656   3666562   第二借阅区/ [索取号:I206.7-53/174] 在馆    
5 0366657   3666571   第二借阅区/ [索取号:I206.7-53/174] 在馆    
唐山师范学院图书馆 欢迎您!
大连网信软件有限公司© 版权所有